|
|
|
|
| LEADER |
00000nab a2200000 a 4500 |
| 001 |
vtls008993935 |
| 003 |
SK-MaSNL |
| 005 |
20260305024559.0 |
| 008 |
250505c2007 xo qr|p|||||||000 b|slo |
| 015 |
|
|
|a SNBRB2007/05
|
| 035 |
|
|
|a (uuid)a250a8ff-53d1-4e4e-9c92-788915da0ce8
|
| 035 |
|
|
|a urn:nbn:sk:snk-ab2zrq
|
| 035 |
|
|
|a (urnnbn)urn:nbn:sk:snk:ar-a04aax
|
| 038 |
|
|
|a SNKBUCL
|
| 040 |
|
|
|a SNKBUCL
|b slo
|c SNKBUCL
|e AACR2
|
| 041 |
0 |
|
|a slo
|
| 044 |
|
|
|a xo
|c SK
|
| 080 |
|
|
|a 340.132
|2 1997
|
| 100 |
1 |
|
|a Dolník, Martin
|4 aut
|9 1464704
|
| 245 |
1 |
0 |
|a Odporovateľnosť právnych úkonov
|c Martin Dolník
|
| 504 |
|
|
|a Bibliogr. odkazy
|
| 650 |
0 |
7 |
|a právne úkony
|2 snkbucl
|9 50026
|
| 650 |
0 |
7 |
|a odporovateľnosť právnych úkonov
|2 snkbucl
|9 1045246
|
| 650 |
0 |
7 |
|a právne predpisy
|2 snkbucl
|9 1155
|
| 773 |
0 |
|
|t Obchodné právo
|g Roč. VIII. č. 4 (2007), s. 46-51
|x 1335-6674
|
| 850 |
|
|
|a Slovenská národná knižnica
|
| 852 |
|
|
|a Slovenská národná knižnica
|
| 954 |
|
|
|a odborná, vedecká literatúra pôvodná (slovenská)
|2 lita
|
| 958 |
|
|
|a article2022
|
| 958 |
|
|
|a SK
|
| 958 |
|
|
|a NB
|
| 958 |
|
|
|a OND
|
| 958 |
|
|
|a EUIPO
|
| 999 |
|
|
|c 3303545
|d 3305475
|